| 000 | 00693nam a2200181 a 4500 | ||
|---|---|---|---|
| 001 | 000046089 | ||
| 005 | 20201002052630.0 | ||
| 008 | 150618s1976 dr a 000 0 spa d | ||
| 020 | _a8439950934 | ||
| 040 |
_aDO-SdBNP _bspa _cBNPHU |
||
| 082 |
_axxxx _bxxxx |
||
| 100 | 1 |
_aTejada Castillo, Ramón _937580 |
|
| 245 | 1 | 0 |
_aEspañol : _b5º curso / _cRamón Tejada Castillo. |
| 260 |
_aSanto Domingo : _bDisesa, _c1976. |
||
| 300 |
_a301 p. : _bil. ; _c23 cm. |
||
| 505 | 0 |
_aTeoría literaria _tLiteratura española |
|
| 500 | _aDe conformidad con los contenidos del programa de quinto curso, plan experimental de intermedia de 1974, de la Secretaría de Estado de Educación, Bellas Artes y Cultos. | ||
| 999 |
_c45578 _d45578 |
||